[Event "ARG-ch sf 90th"]
[Site "Buenos Aires"]
[Date "2015.08.23"]
[Round "5"]
[White "Marin, Pablo"]
[Black "Benedetti, Julio"]
[Result "0-1"]
[WhiteElo "2136"]
[BlackElo "2313"]
[PlyCount "90"]
[EventDate "2015.08.20"]
[EventType "swiss"]
[EventRounds "9"]
[EventCountry "ARG"]
[SourceTitle "EXT 2016"]
[Source "ChessBase"]
[SourceDate "2015.10.08"]
[SourceVersion "1"]
[SourceVersionDate "2015.10.08"]
[SourceQuality "1"]

1. d4 Nf6 2. c4 g6 3. Nc3 Bg7 4. e4 d6 5. Nf3 0-0 6. Be2 e5 7. Be3 Ng4 8. Bg5 f6 9. Bh4 Nc6 10. dxe5 dxe5 11. Qd5+ Kh8 12. Qxd8 Nxd8 13. h3 Nh6 14. 0-0-0 Ne6 15. Bg3 Nf7 16. h4 Bh6+ 17. Kb1 Bf4 18. Nd5 Bxg3 19. fxg3 Kg7 20. Ne7 Nd6 21. Nxc8 Rfxc8 22. Nd2 Rd8 23. Rhe1 Nc5 24. Bf3 a5 25. h5 a4 26. a3 b6 27. g4 Nd3 28. Re3 Nb7 29. Kc2 Nf4 30. hxg6 hxg6 31. g5 Ne6 32. gxf6+ Kxf6 33. Bg4 Nd4+ 34. Kc3 Kg5 35. Bf3 Nc5 36. Nf1 Nxf3 37. Rxd8 Rxd8 38. Rxf3 Nxe4+ 39. Kb4 c6 40. Kxa4 Nc5+ 41. Kb4 e4 42. Rh3 Rd1 43. Ne3 Rd3 44. Nc2 Kf4 45. a4 Na6# 0-1

[Event "ARG-ch sf 90th"]
[Site "Buenos Aires"]
[Date "2015.08.21"]
[Round "2"]
[White "Della Morte, German"]
[Black "Marin, Pablo"]
[Result "1-0"]
[WhiteElo "2414"]
[BlackElo "2136"]
[PlyCount "85"]
[EventDate "2015.08.20"]
[EventType "swiss"]
[EventRounds "9"]
[EventCountry "ARG"]
[SourceTitle "EXT 2016"]
[Source "ChessBase"]
[SourceDate "2015.10.08"]
[SourceVersion "1"]
[SourceVersionDate "2015.10.08"]
[SourceQuality "1"]

1. e4 e5 2. Nf3 Nf6 3. Nxe5 d6 4. Nf3 Nxe4 5. c4 Be7 6. d4 0-0 7. Bd3 Nf6 8. 0-0 Bg4 9. h3 Bh5 10. g4 Bg6 11. Bxg6 hxg6 12. Qb3 b6 13. d5 c5 14. Bf4 Nbd7 15. Nc3 a6 16. Rfe1 Re8 17. Rad1 Bf8 18. Rxe8 Nxe8 19. Re1 f6 20. Nd2 Nc7 21. Nde4 Ne8 22. Qa4 Ne5 23. Bxe5 fxe5 24. a3 Be7 25. Re3 Qc8 26. Rf3 Nf6 27. Qc2 Nxe4 28. Nxe4 Qd7 29. b4 cxb4 30. axb4 a5 31. Ra3 Qc7 32. bxa5 bxa5 33. Qa4 Rc8 34. Rc3 Rb8 35. Kg2 Kf7 36. c5 dxc5 37. d6 Bxd6 38. Qc4+ Ke7 39. Ng5 Qd7 40. Rd3 Rb4 41. Qf7+ Kd8 42. Ne6+ Kc8 43. Qg8+ 1-0

[Event "IECG CA.2003.0.00108 email"]
[Site "IECG email"]
[Date "2003.11.02"]
[Round "?"]
[White "Atuan, Jorge Daniel"]
[Black "Marin, Pablo"]
[Result "0-1"]
[WhiteElo "2078"]
[BlackElo "2080"]
[PlyCount "61"]
[EventDate "2003.11.02"]
[EventType "tourn (corr)"]
[EventRounds "6"]
[SourceTitle "Corr 2008"]
[Source "ChessBase"]
[SourceDate "2008.06.24"]
[SourceVersion "1"]
[SourceVersionDate "2008.06.24"]
[SourceQuality "1"]

1. e4 c6 2. d4 d5 3. Nc3 dxe4 4. Nxe4 Bf5 5. Ng3 Bg6 6. h4 h6 7. Nf3 Nf6 8. Ne5 Bh7 9. Bd3 Bxd3 10. Qxd3 e6 11. Bf4 Bd6 12. 0-0-0 0-0 13. Ne4 Nxe4 14. Qxe4 Nd7 15. g4 Nf6 16. Qe2 Qa5 17. Kb1 Nd5 18. Bd2 Qb5 19. c4 Qa6 20. b3 Ne7 21. g5 Bxe5 22. dxe5 Nf5 23. gxh6 gxh6 24. Rhg1+ Kh7 25. Bxh6 Nxh6 26. Qe4+ Nf5 27. Rg5 Rg8 28. Rh5+ Kg7 29. Rg1+ Kf8 30. Rxg8+ Kxg8 31. Qg4+ 0-1